La théorie platonicienne de l'amour / (Record no. 131181)

MARC details
000 -LEADER
campo de control de longitud fija 00818nam a2200217 4500
001 - NÚMERO DE CONTROL
campo de control 131181
003 - IDENTIFICADOR DE NÚMERO DE CONTROL
campo de control ES-MaACL
005 - FECHA Y HORA DE LA ÚLTIMA TRANSACCIÓN
campo de control 20230906193930.0
007 - CAMPO FIJO DE DESCRIPCIÓN FÍSICA--INFORMACIÓN GENERAL
campo de control de longitud fija t|
008 - DATOS DE LONGITUD FIJA--INFORMACIÓN GENERAL
campo de control de longitud fija 070214s1964 fr r ||||1| fre d
100 1# - ENTRADA PRINCIPAL--NOMBRE DE PERSONA
Nombre de persona Robin, Léon.
9 (RLIN) 97872
245 13 - MENCIÓN DEL TÍTULO
Título La théorie platonicienne de l'amour /
Mención de responsabilidad, etc. Léon Robin ; préface de Pierre-Maxime Schuhl.
250 ## - MENCION DE EDICION
Mención de edición Nouv. éd.
260 ## - PUBLICACIÓN, DISTRIBUCIÓN, ETC.
Lugar de publicación, distribución, etc. Paris :
Nombre del editor, distribuidor, etc. Presses Universitaires de France,
Fecha de publicación, distribución, etc. 1964.
300 ## - DESCRIPCIÓN FÍSICA
Extensión 189 p. ;
Dimensiones 23 cm.
490 1# - MENCIÓN DE SERIE
Mención de serie Bibliotheque de Philosophie contemporaine, Histoire de la Philosophie et Philosophie générale
700 1# - ENTRADA AGREGADA--NOMBRE PERSONAL
Nombre de persona Schuhl, Pierre-Maxime.
9 (RLIN) 104751
830 0# - PUNTO DE ACCESO ADICIONAL DE SERIE-TÍTULO UNIFORME
Título uniforme Bibliotheque de Philosophie contemporaine, Histoire de la Philosophie et Philosophie générale
9 (RLIN) 219432
852 ## - LOCALIZACIÓN
Ubicación ES-MaACL
Número de control de estantería L-11651
Sublocalización o colección R.113465
Holdings
Estatus retirado Estado de pérdida Estado de daño No para préstamo Biblioteca de origen Biblioteca actual Ubicación en estantería Fecha de adquisición Fuente de adquisición Total de préstamos Signatura topográfica completa Código de barras Visto por última vez Precio de reemplazo Tipo de ítem Koha
        Biblioteca del Ateneo de Madrid Biblioteca del Ateneo de Madrid Depósito 2 17/01/2008     L-11651 1136572 23/02/2023 23/02/2023 Libro impreso